000 00569nam a2200229Ia 4500
003 OSt
005 20220924143358.0
006 a|||||r|||| 00| 0
007 ta
008 220923b |||||||| |||| 00| 0 urd d
024 _a307936
037 _cTextual
040 _aARTS
_cARTS
_burd
041 _2urd
_aurd
082 _aDelta73xE58, 164G8
100 _aHomai Jalal
_9215585
245 0 _aGhazali nama
260 _c1938
650 _aSPIRurdALISM
942 _hDelta73xE58, 164G8
_cTEXL
_2CC
999 _c454244
_d454244